000 00598nam a22001217a 4500
040 _cRUA
082 _aDVM MAN 2025 B707 Or.1
100 _aMANG SONITA, ម៉ង់ សូនីតា
245 _aAntibody titer of canine rabies in boeng dol commune, preah sdach district, prey veng province, កម្រិតអង់ទីករនៃជំងឺឆ្កែឆ្គួតលើសុនខ នៅឃុំបឹងដោល ស្រុកព្រះស្ដេច ខេត្តព្រៃវែង
260 _aPHNOM PENH
_bRUA
_c2025
300 _ax,70p.
_bill.
_c29cm.
942 _cNRM
999 _c25697
_d25697